[Event "POL-ch U20"]
[Site "Chotowa"]
[Date "2023.10.26"]
[Round "4"]
[White "Mocko, Maciej"]
[Black "Pancewicz, Szymon"]
[Result "0-1"]
[WhiteElo "1862"]
[BlackElo "1853"]
[PlyCount "82"]
[EventDate "2023.10.24"]
[EventType "swiss"]
[EventRounds "9"]
[EventCountry "POL"]
[SourceTitle "Mega2024 Update 01"]
[Source "Chessbase"]
[SourceDate "2023.11.12"]
[SourceVersion "1"]
[SourceVersionDate "2023.11.12"]
[SourceQuality "1"]

1. e4 c6 2. d4 d5 3. e5 Bf5 4. h4 h5 5. Bd3 Bxd3 6. Qxd3 e6 7. Nf3 Qa5+ 8. Nbd2 Nh6 9. 0-0 Nf5 10. c4 Be7 11. g3 0-0 12. b3 Qa6 13. Rd1 c5 14. Qc2 Rd8 15. Bb2 cxd4 16. Nxd4 Nxd4 17. Bxd4 Nc6 18. Bb2 Rac8 19. Rac1 Nb4 20. Qb1 Nxa2 21. Rc2 Nb4 22. Rc3 d4 23. Rf3 Qc6 24. Ne4 d3 25. Rf4 b5 26. Rd2 bxc4 27. bxc4 a5 28. Qd1 g6 29. g4 hxg4 30. Qxg4 Kg7 31. Ng5 Bxg5 32. Qxg5 Rd7 33. Qf6+ Kh7 34. Bd4 Rg8 35. f3 Nd5 36. Qg5 Nxf4 37. Qxf4 Qxc4 38. Rxd3 Qxd3 39. Be3 Rg7 40. Qh6+ Kg8 41. Bg5 Rh7 0-1

[Event "POL-ch Rapid U18"]
[Site "Bydgoszcz"]
[Date "2023.08.29"]
[Round "1"]
[White "Seemann, Jakub"]
[Black "Mocko, Maciej"]
[Result "1-0"]
[WhiteElo "2357"]
[BlackElo "1646"]
[PlyCount "117"]
[EventDate "2023.08.28"]
[EventType "swiss"]
[EventRounds "11"]
[EventCountry "POL"]
[SourceTitle "EXT 2024"]
[Source "ChessBase"]
[SourceDate "2023.10.10"]
[SourceVersion "1"]
[SourceVersionDate "2023.10.10"]
[SourceQuality "1"]

1. c4 c5 2. Nf3 Nc6 3. Nc3 g6 4. e3 Nf6 5. d4 cxd4 6. exd4 d5 7. cxd5 Nxd5 8. Bc4 Nb6 9. Bb3 Bg4 10. Bxf7+ Kxf7 11. Ng5+ Kg8 12. Qxg4 Nxd4 13. 0-0 Qd7 14. Qe4 Bg7 15. Be3 e5 16. Nf3 Re8 17. Rfe1 Qf5 18. Bxd4 Qxe4 19. Rxe4 Kf7 20. Bxb6 axb6 21. Rd1 Rd8 22. Rxd8 Rxd8 23. g3 Ke6 24. Rb4 Rd6 25. Ne4 Rc6 26. Nfd2 Bf8 27. Rb5 Kf5 28. Kg2 h5 29. h4 Be7 30. Rd5 Ke6 31. Rd3 Rc2 32. Rb3 Rc6 33. Rc3 Bb4 34. Rxc6+ bxc6 35. Kf3 b5 36. a3 Bf8 37. b4 Kd5 38. Ke3 Bg7 39. Kd3 Bh6 40. Nb1 Bc1 41. Ned2 Bb2 42. Nc3+ Ke6 43. a4 bxa4 44. Nxa4 Bd4 45. Ne4 Kf5 46. f3 Bg1 47. Nb2 Ke6 48. Kc4 Be3 49. Nd3 Bg1 50. Ndc5+ Kf5 51. Nb7 Ke6 52. Nd8+ Kd7 53. Nf7 Bd4 54. Nh8 Ke6 55. g4 g5 56. Nxg5+ Kf6 57. gxh5 Bf2 58. Ne4+ Kf5 59. Nxf2 1-0

[Event "Wroclaw Anderssen Memorial op-B"]
[Site "Wroclaw"]
[Date "2023.??.??"]
[Round "8"]
[White "Borowski, Przemyslaw"]
[Black "Mocko, Maciej"]
[Result "1-0"]
[WhiteElo "1801"]
[BlackElo "1682"]
[PlyCount "109"]
[EventDate "2023.08.06"]
[EventType "swiss"]
[EventRounds "9"]
[EventCountry "POL"]
[SourceTitle "EXT 2024"]
[Source "ChessBase"]
[SourceDate "2023.10.10"]
[SourceVersion "1"]
[SourceVersionDate "2023.10.10"]
[SourceQuality "1"]

1. e4 c5 2. b4 cxb4 3. a3 d5 4. e5 bxa3 5. d4 Nc6 6. Bxa3 Nh6 7. c3 Bf5 8. Bd3 e6 9. Ne2 Bxa3 10. Nxa3 a6 11. 0-0 0-0 12. Ra2 Qh4 13. Bxf5 Nxf5 14. Qb3 Rab8 15. Nc2 f6 16. Ne1 fxe5 17. Nf3 Qh5 18. Nxe5 Nxe5 19. dxe5 Nh4 20. f4 Qg6 21. g3 Nf5 22. Nd4 Nxd4 23. cxd4 Rfc8 24. f5 Qg4 25. Rf4 Qh3 26. Ra1 Rc7 27. Raf1 Qh6 28. f6 gxf6 29. Rxf6 Qd2 30. Qb6 Rc6 31. Qa7 Rbc8 32. Qxb7 Qxd4+ 33. Kg2 Qxe5 34. R1f4 Qe2+ 35. Kh3 R6c7 36. Qb4 Qh5+ 37. Rh4 Qe8 38. Qg4+ Rg7 39. Qf3 Rc4 40. Rhh6 Rg6 41. Qh5 Rxh6 42. Qxh6 e5 43. Re6 Qd8 44. Qh5 Rc8 45. Qxe5 Qd7 46. g4 Qf7 47. Qg5+ Kf8 48. Rf6 Rc3+ 49. Kh4 Rf3 50. Rxf7+ Rxf7 51. Qxd5 Rf6 52. Kg5 Rg6+ 53. Kf5 Kg7 54. Qd7+ Kh6 55. h4 1-0

[Event "Wroclaw Anderssen Memorial op-B"]
[Site "Wroclaw"]
[Date "2023.??.??"]
[Round "2"]
[White "Krzyzosiak, Anna"]
[Black "Mocko, Maciej"]
[Result "1/2-1/2"]
[WhiteElo "1525"]
[BlackElo "1682"]
[PlyCount "22"]
[EventDate "2023.08.06"]
[EventType "swiss"]
[EventRounds "9"]
[EventCountry "POL"]
[SourceTitle "EXT 2024"]
[Source "ChessBase"]
[SourceDate "2023.10.10"]
[SourceVersion "1"]
[SourceVersionDate "2023.10.10"]
[SourceQuality "1"]

1. Nf3 c5 2. g3 d5 3. Bg2 Nc6 4. 0-0 e5 5. d3 Nf6 6. Nbd2 Bg4 7. c3 Be7 8. Qc2 h5 9. e4 d4 10. a4 Bxf3 11. Nxf3 Rc8 1/2-1/2

[Event "Wroclaw Anderssen Memorial op-B"]
[Site "Wroclaw"]
[Date "2023.??.??"]
[Round "7"]
[White "Mocko, Maciej"]
[Black "Nagly, Wojciech"]
[Result "1/2-1/2"]
[WhiteElo "1682"]
[BlackElo "1820"]
[PlyCount "67"]
[EventDate "2023.08.06"]
[EventType "swiss"]
[EventRounds "9"]
[EventCountry "POL"]
[SourceTitle "EXT 2024"]
[Source "ChessBase"]
[SourceDate "2023.10.10"]
[SourceVersion "1"]
[SourceVersionDate "2023.10.10"]
[SourceQuality "1"]

1. e4 c5 2. Nc3 Nc6 3. g3 g6 4. Bg2 Bg7 5. d3 d6 6. f4 Nf6 7. Nf3 Bg4 8. h3 Bxf3 9. Qxf3 Nd4 10. Qf2 0-0 11. 0-0 Rb8 12. Kh1 b5 13. a3 a5 14. g4 b4 15. axb4 axb4 16. Nd1 Nd7 17. f5 Ne5 18. Ne3 b3 19. c3 Nxd3 20. Qd2 Nxc1 21. Raxc1 Nc6 22. Rf2 Bf6 23. Rcf1 Ne5 24. fxg6 fxg6 25. Qd5+ Kh8 26. Nc4 Nxc4 27. Qxc4 Qa5 28. e5 Bg7 29. Rxf8+ Rxf8 30. Rxf8+ Bxf8 31. exd6 exd6 32. Qxb3 Qa1+ 33. Kh2 Qe1 34. Qd5 1/2-1/2

[Event "Polanica Zdroj op-B 58th"]
[Site "Polanica Zdroj"]
[Date "2022.08.15"]
[Round "3"]
[White "Hury, Tymoteusz"]
[Black "Mocko, Maciej"]
[Result "1-0"]
[WhiteElo "1679"]
[BlackElo "1525"]
[PlyCount "63"]
[EventDate "2022.08.13"]
[EventType "swiss"]
[EventRounds "9"]
[EventCountry "POL"]
[SourceTitle "CBM 210 Extra"]
[Source "ChessBase"]
[SourceDate "2022.11.30"]
[SourceVersion "1"]
[SourceVersionDate "2022.11.30"]
[SourceQuality "1"]

1. e4 c5 2. Nc3 Nc6 3. f4 g6 4. Nf3 Bg7 5. Bb5 e6 6. Bxc6 bxc6 7. 0-0 d5 8. e5 Ne7 9. d3 0-0 10. b3 Nf5 11. Na4 c4 12. dxc4 dxc4 13. Qe2 cxb3 14. axb3 Qa5 15. Bd2 Qb5 16. Qf2 Rd8 17. Nc3 Qb8 18. Ne4 h5 19. Ra5 Rd5 20. Rfa1 a6 21. R5a4 Kh8 22. Bb4 Bb7 23. Nfg5 Kg8 24. Ba5 Bh6 25. Nf6+ Kg7 26. Nge4 Rxe5 27. Bc3 Rxe4 28. Nd7+ Kh7 29. Nxb8 Rxa4 30. Rxa4 Rxb8 31. Qa7 Bxf4 32. Rxf4 1-0

[Event "POL-ch U17 Qual"]
[Site "Jastrzebia Gora"]
[Date "2021.11.21"]
[Round "9"]
[White "Kossowski, Pawel"]
[Black "Mocko, Maciej"]
[Result "1-0"]
[WhiteElo "1761"]
[BlackElo "1527"]
[PlyCount "107"]
[EventDate "2021.11.15"]
[EventType "swiss"]
[EventRounds "9"]
[EventCountry "POL"]
[SourceTitle "EXT 2023"]
[Source "ChessBase"]
[SourceDate "2022.10.05"]
[SourceVersion "1"]
[SourceVersionDate "2022.10.05"]
[SourceQuality "1"]

1. e4 c5 2. Nf3 Nc6 3. d4 cxd4 4. Nxd4 Nf6 5. Nc3 e5 6. Ndb5 d6 7. Bg5 a6 8. Na3 b5 9. Nd5 Be7 10. Bxf6 Bxf6 11. c3 Bg5 12. Nc2 Ne7 13. Ncb4 0-0 14. a4 bxa4 15. Rxa4 a5 16. Nxe7+ Qxe7 17. Nd5 Qd8 18. b3 Be6 19. Bc4 Kh8 20. h4 Bh6 21. g4 Bf4 22. Nxf4 Bxc4 23. Rxc4 exf4 24. Rd4 Qe7 25. Qf3 Rab8 26. c4 Rfe8 27. 0-0 Qxh4 28. Rfd1 h5 29. gxh5 Re5 30. Rd5 Rbe8 31. Rxe5 dxe5 32. Rd5 Qg5+ 33. Kf1 Ra8 34. Qd1 f6 35. c5 Rc8 36. Rd8+ Rxd8 37. Qxd8+ Kh7 38. Qd7 Qh4 39. Qf5+ Kg8 40. Kg2 f3+ 41. Kxf3 Qh1+ 42. Ke2 Qb1 43. Qe6+ Kh7 44. Qc4 Qb2+ 45. Ke3 Qb1 46. Qc3 Qg1 47. c6 Qg5+ 48. Kd3 Qg4 49. c7 Qd1+ 50. Ke3 f5 51. exf5 e4 52. c8Q Qf3+ 53. Kd4 Qxf2+ 54. Kxe4 1-0

[Event "POL-ch U17 Qual"]
[Site "Jastrzebia Gora"]
[Date "2021.11.18"]
[Round "6"]
[White "Piechota, Kamil"]
[Black "Mocko, Maciej"]
[Result "1-0"]
[WhiteElo "1752"]
[BlackElo "1527"]
[PlyCount "119"]
[EventDate "2021.11.15"]
[EventType "swiss"]
[EventRounds "9"]
[EventCountry "POL"]
[SourceTitle "EXT 2023"]
[Source "ChessBase"]
[SourceDate "2022.10.05"]
[SourceVersion "1"]
[SourceVersionDate "2022.10.05"]
[SourceQuality "1"]

1. e4 c5 2. c3 d5 3. exd5 Qxd5 4. d4 Nc6 5. Nf3 Bg4 6. Be2 e6 7. 0-0 Nf6 8. Be3 cxd4 9. cxd4 Be7 10. Nc3 Qd6 11. a3 0-0 12. Qb3 a6 13. Rfd1 Rfd8 14. Rac1 b5 15. d5 exd5 16. h3 Be6 17. Nd4 Na5 18. Qa2 Nc4 19. Bg5 Rac8 20. a4 b4 21. Nxe6 Qxe6 22. Bxf6 bxc3 23. Bxc3 Qxe2 24. Re1 Qd3 25. Rxe7 Re8 26. Rce1 Rxe7 27. Rxe7 d4 28. Rd7 Qd1+ 29. Kh2 Qe2 30. Rxd4 h6 31. Qb3 Ne5 32. Rf4 Nc4 33. Qb7 Qe6 34. Rg4 g5 35. Qf3 Ne5 36. Bxe5 Qxe5+ 37. Qg3 Qxg3+ 38. Kxg3 Rb8 39. b4 Kg7 40. Rc4 Rb6 41. h4 Kg6 42. hxg5 hxg5 43. f4 gxf4+ 44. Kxf4 Kf6 45. g4 Ke6 46. a5 Rd6 47. g5 Kd5 48. Rc7 Ke6 49. Rb7 Rc6 50. Rb6 Kd5 51. Rxc6 Kxc6 52. Kf5 Kb5 53. Kf6 Kxb4 54. Kxf7 Kxa5 55. g6 Kb4 56. g7 a5 57. g8Q a4 58. Qg1 Kb3 59. Qa1 a3 60. Ke6 1-0

[Event "POL-ch U17 Qual"]
[Site "Jastrzebia Gora"]
[Date "2021.11.17"]
[Round "4"]
[White "Owoc, Jakub"]
[Black "Mocko, Maciej"]
[Result "1/2-1/2"]
[WhiteElo "1751"]
[BlackElo "1527"]
[PlyCount "66"]
[EventDate "2021.11.15"]
[EventType "swiss"]
[EventRounds "9"]
[EventCountry "POL"]
[SourceTitle "EXT 2023"]
[Source "ChessBase"]
[SourceDate "2022.10.05"]
[SourceVersion "1"]
[SourceVersionDate "2022.10.05"]
[SourceQuality "1"]

1. e4 c5 2. Nf3 Nc6 3. d4 cxd4 4. Nxd4 g6 5. c3 Bg7 6. Be3 Nf6 7. Nd2 0-0 8. Be2 d5 9. Nxc6 bxc6 10. Qa4 Qc7 11. exd5 cxd5 12. Nb3 Bd7 13. Qa5 Qxa5 14. Nxa5 Rab8 15. 0-0-0 Bf5 16. Bf4 Ne4 17. Bxb8 Rxb8 18. f4 Nf2 19. Nc6 Rb7 20. Rhf1 Nxd1 21. Rxd1 Be4 22. g3 Rc7 23. Nd4 e5 24. Nb5 Rd7 25. Bd3 Bf3 26. Re1 e4 27. Be2 Bxe2 28. Rxe2 f5 29. Rd2 a6 30. Nd4 Bxd4 31. Rxd4 Kf7 32. Kd2 Ke6 33. Rb4 Rd6 1/2-1/2

[Event "POL-ch U17 Qual"]
[Site "Jastrzebia Gora"]
[Date "2021.11.16"]
[Round "2"]
[White "Mocko, Maciej"]
[Black "Sliwa, Krzysztof"]
[Result "1-0"]
[WhiteElo "1527"]
[BlackElo "1212"]
[PlyCount "101"]
[EventDate "2021.11.15"]
[EventType "swiss"]
[EventRounds "9"]
[EventCountry "POL"]
[SourceTitle "EXT 2023"]
[Source "ChessBase"]
[SourceDate "2022.10.05"]
[SourceVersion "1"]
[SourceVersionDate "2022.10.05"]
[SourceQuality "1"]

1. e4 e5 2. Nf3 Nc6 3. Bc4 Bc5 4. c3 Nf6 5. d4 exd4 6. cxd4 Bb4+ 7. Nc3 Nxe4 8. 0-0 Bxc3 9. d5 Na5 10. Qe2 0-0 11. Qxe4 Nxc4 12. Qxc4 Bf6 13. d6 cxd6 14. Nd4 Bxd4 15. Qxd4 a5 16. Re1 b5 17. Qd5 Ba6 18. Bg5 Qb6 19. Rad1 Rfe8 20. Re7 Rf8 21. Rxf7 Rxf7 22. Qxa8+ Rf8 23. Qd5+ Kh8 24. Be3 Qc6 25. Qxd6 Qxd6 26. Rxd6 Bc8 27. Rd5 Re8 28. Rxb5 a4 29. Rb4 a3 30. b3 Re6 31. Rb8 Rc6 32. Ra8 d5 33. h3 Kg8 34. Rxa3 Ra6 35. Rxa6 Bxa6 36. Kh2 Kf7 37. Kg3 Ke6 38. Bd4 g6 39. Kf3 h5 40. g4 Bf1 41. h4 Bh3 42. gxh5 gxh5 43. Kf4 Bg2 44. a4 Kd7 45. Ke5 Kc6 46. f4 Kd7 47. f5 Ke7 48. b4 Bh3 49. b5 Kd7 50. a5 Kc7 51. f6 1-0